000 00441nam a22001817a 4500
003 MPLRDC
005 20220104123325.0
008 210129b ||||| |||| 00| 0 eng d
020 _a7-80617-722-1
082 _a785.28 MAIER
100 _aTHOMAS MAIER
245 _a媒体帝王
_c徐绍铭 译
250 _a一版一刷
260 _a
_b海南出版社
_c1996
300 _b
650 _a美国传记
942 _cBK
_o785.28 MAIER
999 _c10433
_d10423